000 00578nam a2200205 a 4500
001 860
003 CO-ViMGA
008 141112s2004 ck r 000 u spa d
040 _aCO-ViMGA
_bspa
_cCO-ViMGA
082 0 4 _aR346 C656pp
100 1 _aColombia. Leyes, decretos,
_96163
245 1 0 _aCódigo civil colombiano /
_cPeña Peña Rogelio Enrique
250 _a3a
260 _aSantafé de Bogotá :
_bEcoe,
_c1997
300 _a511 p
490 _aLas leyes de Colombia
650 1 4 _aDERECHO CIVIL - CODIGOS
650 1 4 _aPeña Peña, Rogelio Enrique
942 _2ddc
_cBK
999 _c13090
_d13090